| 000 | 00841cam a2200265 a 4500 | ||
|---|---|---|---|
| 001 | 4937500 | ||
| 003 | GBCCL | ||
| 005 | 20241126110411.0 | ||
| 008 | 020425s1997 ii b 001 0 eng d | ||
| 020 | _a0851106986 | ||
| 035 | _a(OCoLC)ocn686576893 | ||
| 035 | _a4937500 | ||
| 040 |
_aBAN _cBAN _dCtY-D |
||
| 050 | 4 |
_aBV2073 _b.G53 1997 |
|
| 082 |
_a266.001 _bGNA |
||
| 100 | 1 |
_aGnanakan, Ken. _9258 |
|
| 245 | 1 | 0 |
_aKingdom concerns : _ba biblical exploration towards a theology of mission / _cKen Gnanakan. |
| 260 |
_aLondon : _bInter varsity press, _c1995. |
||
| 300 |
_a224 p. ; _c21 cm. |
||
| 440 | 0 |
_aText book series (Theological Book Trust) ; _vno. 1 _93885 |
|
| 504 | _aBibliography: p. 193-197. | ||
| 504 | _aIncludes bibliographical references and indexes. | ||
| 650 | 0 |
_aMissions _xBiblical teaching. _9481 |
|
| 942 |
_2ddc _cBK _01 |
||
| 999 |
_c1862 _d1862 |
||